| 000 | 01163cab a22001815a 4500 | ||
|---|---|---|---|
| 001 | L141840 | ||
| 008 | 080102s2007 xxk f 000 0 eng d | ||
| 035 | _a(Sirsi) u141840 | ||
| 041 | 0 | _aeng | |
| 245 | 0 | 0 | _aHeritable Bank reveals that HMO licensing scheme is harming the buy to let market |
| 260 | _c2007 | ||
| 490 |
_aAgreement _v14(6) December 2007, 17(1) |
||
| 520 | _aReports on a survey by Heritable Bank into the effects of licensing requirements for Houses of Multiple Occupation (HMOs). Highlights inconsistencies in local authority licensing requirements; that licensing arrangements are deterring landlords from investing in this sector; and that 23% of landlords are unaware of the HMO licensing scheme. Calls for an update of the entire scheme. The survey was across 60 local authorities. Also notes that councils' licence fees vary between 1, 3 and 5 year deals; that geographical factors do not affect the licence fee cost; and that the most complex licence arrangements are found in Wandsworth. | ||
| 590 | _aKA | ||
| 651 | 4 |
_aEngland and Wales _y1543- |
|
| 690 | _aPROPERTY-RESIDENTIAL PROPERTY-RESIDENTIAL LANDLORD AND TENANT | ||
| 942 | _n0 | ||
| 999 |
_c79616 _d79616 |
||